000 00349nam a22001217a 4500
008 250320b |||||||| |||| 00| 0 eng d
050 _aPR9421
_b.B53
100 _aVINCENT, Theo
245 _aBlack & African Writing: A Festac Anthology
260 _aLagos
_bCentre for Black & African Arts and Civilization
_c1981
300 _axxi, 388p.
942 _cBK
999 _c2529
_d2529